| 000 | 00680nam a22001931i 4500 | ||
|---|---|---|---|
| 001 | 134113 | ||
| 003 | ES-MaACL | ||
| 005 | 20230906194613.0 | ||
| 007 | t| | ||
| 008 | 070905s1934 sp ||||0| spa d | ||
| 080 | _a75 Baumeister, Willi | ||
| 100 | 1 |
_aWesterdahl, Eduardo. _9116557 |
|
| 245 | 1 | 0 |
_aWilli Baumeister / _cpor Eduardo Westerdahl ; con un prólogo y un retrato del profesor Willi Baumeister y 26 reproducciones de sus obras. |
| 260 |
_aIsla de Tenerife, Canarias : _bGaceta de Arte, _c1934. |
||
| 300 |
_a39 p., [16] p. de lám. : _bil. ; _c21 cm. |
||
| 600 | 1 | 4 |
_aBaumeister, Willi. _926588 |
| 700 | 1 |
_aBaumeister, Willi. _926588 |
|
| 852 |
_aES-MaACL _j1798-F-5 |
||
| 999 |
_c134113 _d134113 |
||